Horror in Haddonfield Quiz Stats

 Plays Quiz not verified by Sporcle

Also try: 1990s Movies A-Z
Challenge
Share
Tweet
Embed
Score 0/20 Timer 05:00
0 Plays Today
Questions Answers % Correct
What year did Halloween come out?1978
96.5%
What actor was Michael's mask crafted from?William Shatner
79.7%
You can't_______the boggie man!Kill
75.5%
How many years is Michael put away before his escape?15
73.5%
What 90's movie had Halloween playing throughout the final scenes?Scream
68.7%
Who wrote the Halloween theme?John Carpenter
65.5%
Who is Jamie Lee Curtis's mom?Janet Leigh
62.9%
Where was Halloween actually filmed at?California
61.6%
What drug is used in the movie pot
58.7%
What famous Blue Oyster Cult song is in the movie?Don't Fear the Reaper
57.4%
Questions Answers % Correct
________ has come to your little town sheriff.Evil
55.2%
What Halloween had a preview of Halloween in the movie?Halloween 3
54.2%
How many days did it take to film?21
51%
Dr. Sam Loomis name comes from what horror movie?Psycho
50.3%
What was the original title of Halloween?The Babysitter Murders
49.4%
Who is the first to die in the movie?judith myers
44.2%
What state is Haddonfield really in?New Jersey
36.8%
What is Michael's middle name?Audrey
31.9%
What movie is playing while Laurie is babysitting?The Thing from Another World
31%
What is written on the chalkboard?Samhein
18.4%

You're not logged in!

Compare scores with friends on all Sporcle quizzes.
OR
Log In

You Might Also Like...

Show Comments

Extras

Top Quizzes Today


Score Distribution

Your Account Isn't Verified!

In order to create a playlist on Sporcle, you need to verify the email address you used during registration. Go to your Sporcle Settings to finish the process.

Report this User

Report this user for behavior that violates our Community Guidelines.

Details: